লোডিং...

Urban dead-end

গ্রন্থ-পঞ্জীর বিবরন
বিন্যাস: Printed Book
প্রকাশিত: Somaiya Publications, Bombay 1983
বিষয়গুলি:
LEADER 00415nam a2200157 4500
082 |a 307.1412 URB 
100
245 |a Urban dead-end 
250
260 |a Somaiya Publications, Bombay  |c 1983 
300 |a 138 p 
490
650 |a Rural development 
942 |c BK 
999 |c 124756  |d 124756 
952 |0 0  |1 0  |4 0  |6 307_141200000000000_URB  |7 0  |9 138218  |a COM  |b COM  |l 0  |o 307.1412 URB  |p COM00918  |r 2019-10-24  |w 2019-10-24  |y BK